000 00860cam a2200301 i 4500
999 _c1795
_d1795
001 .b41286959
003 OSt
005 20230130081648.0
008 160901s2016 nyua 000 0 eng d
020 _a9780147519177
_q(hbk.)
040 _aNTNU
_cNTNU
_erda
_dKH8
042 _anbic
082 0 _a398.20932 GRE
100 1 _aGreen, Roger Lancelyn,
_eauthor.
245 1 0 _aTales of ancient Egypt /
_cRoger Lancelyn Green.
260 _c2016.
264 1 _aNew York :
_bPuffin Books,
_c2016.
300 _a214 pages :
_billustrations ;
_c19 cm.
336 _atext
_btxt
_2rdacontent.
337 _aunmediated
_bn
_2rdamedia.
338 _avolume
_2rdacarrier.
490 1 _aPuffin pixels.
650 0 _aMythology, Egyptian
_vJuvenile literature.
650 0 _aTales
_zEgypt.
650 0 _aLegends
_zEgypt.
830 0 _aPuffin pixels.
942 _2ddc
_cNFIC